01344nam a2200337 a 4500001001000000003000500010005001700015008004100032010001100073011001100084040000900095090001000104100003400114245015100148260004100299500006000340502011400400590004100514590004000555590004000595650003200635650003200667650003500699650004600734856007000780901000700850942001000857942000600867999001900873952011400892000116167CHAP20220329144603.0190925s2019 mx | |sm |||||||spa d a112628 a113600 cCHAP aTesis1 aLópez Lino, Silvia.913690510aDesarrollo tecnológico y valoración económica de un nuevo producto a base de piñón rosa mexicanoh[En línea]cpor Silvia López Lino. aChapingo, Méx. :bEl autor,c2019. aPara ver el contenido del material haga clic en la liga aTesis (M. C. en Ciencias y Tecnología Agroalimentaria) -- UACH. Departamento de Ingeniería Agroindustrial aBATCH-UPDb05c20190925lUCH01h1532 aE6337LMJb05c20190925lUCH01h1531 aE6337LMJb05c20190925lUCH01h153214aAlimentosxIndustria.9422714aAlimentosxProcesado.9426714aAlimentosxTecnología.9428414aJatropha curcasxAprovechamiento.9135370 aFinding aiduhttp://10.13.5.2/tesis/sist116167.pdfzTeclea aquí aBK cTESIS n0 c112628d112628 00102local40718TESISaBCbBCd2019-09-25fTESISl0oTesisp116179-10r2019-12-31 00:00:00w2019-09-25yCD